Interpreting medieval India / (Record no. 35766)

MARC details
000 -LEADER
fixed length control field 00886nam a22002057a 4500
005 - DATE AND TIME OF LATEST TRANSACTION
control field 20100506161352.0
008 - FIXED-LENGTH DATA ELEMENTS--GENERAL INFORMATION
fixed length control field 100401t xxu||||| |||| 00| 0 eng d
020 ## - INTERNATIONAL STANDARD BOOK NUMBER
Terms of availability 235.00
International Standard Book Number 9780230637610
037 ## - SOURCE OF ACQUISITION
Source of stock number/acquisition PUB
040 ## - CATALOGING SOURCE
Original cataloging agency dpl
Language of cataloging English
100 ## - MAIN ENTRY--PERSONAL NAME
Personal name Vipul Singh
245 ## - TITLE STATEMENT
Title Interpreting medieval India /
Statement of responsibility, etc by Vipul Singh
260 ## - PUBLICATION, DISTRIBUTION, ETC. (IMPRINT)
Place of publication, distribution, etc New Delh
Name of publisher, distributor, etc Macmillan
Date of publication, distribution, etc 2009
270 ## - ADDRESS
City New Delhi
Address 2/10, Ansari Road, Daryaganj
Postal code 110002
300 ## - PHYSICAL DESCRIPTION
Extent v.1 (xii, 420p.)
Dimensions 25cm(pbk)
Other physical details ill.
500 ## - GENERAL NOTE
General note Includes glossary, bibligraphical references and index
505 ## - FORMATTED CONTENTS NOTE
Formatted contents note v.1- Early medieval, Delhi sultanate and regions (circa 750-1550)
942 ## - ADDED ENTRY ELEMENTS (KOHA)
Source of classification or shelving scheme Dewey Decimal Classification
Item type English Books
Call number suffix VIP
Holdings
Withdrawn status Lost status Source of classification or shelving scheme Materials specified (bound volume or other part) Damaged status Not for loan Home library Current library Date acquired Cost, normal purchase price Total Checkouts Full call number Date last seen Cost, replacement price Koha item type Public note
    Dewey Decimal Classification v.1- Early   Ordered Andrews Gunj Andrews Gunj 06/05/2010 235.00   VIP 06/05/2010 235.00 English Books v.1- Early medieval, Delhi sultanate and regions (circa 750-1550)

© Delhi Public Library
Hit Counter
free hit counter